000 00822nab a2200253 u 4500
001 20165
003 HDC
007 cr bn ---aaaaa
008 210304c20100127xx dr|noo 0 a eng d
040 _aHDC
245 4 _aThe Industrial Estate Authority of Thailand opens Halal Centre
260 _a[No place] :
_b[publisher not identified],
_c2010
300 _a1 online resource
336 _atext
_2rdacontent
337 _acomputer
_2rdamedia
338 _aonline resource
_2rdacarrier
650 _aHalal Centre
_916127
650 _aHalal food
_950
710 _aHalal Focus
856 _zRequest full-text at [email protected]
942 _2lcc
942 _cNEWS
942 _kNWSO 006342
999 _c17481
_d17481